Changes to permitted development (Record no. 106830)

MARC details
000 -LEADER
fixed length control field 01514cad a22002295a 4500
001 - CONTROL NUMBER
control field L137574
008 - FIXED-LENGTH DATA ELEMENTS--GENERAL INFORMATION
fixed length control field 070417e20070404xxk f f000 0 eng d
035 ## - SYSTEM CONTROL NUMBER
System control number (Sirsi) u137574
041 0# - LANGUAGE CODE
Language code of text/sound track or separate title eng
050 04 - LIBRARY OF CONGRESS CALL NUMBER
Classification number 333.7911 $2 18
110 1# - MAIN ENTRY--CORPORATE NAME
Corporate name or jurisdiction name as entry element United Kingdom
Subordinate unit Department for Communities and Local Government
9 (RLIN) 4939
245 00 - TITLE STATEMENT
Title Changes to permitted development
Remainder of title Consultation paper one
-- permitted development rights for householder microgeneration
Medium [electronic resource}
260 ## - PUBLICATION, DISTRIBUTION, ETC.
Place of publication, distribution, etc. London
Name of publisher, distributor, etc. DCLG
-- 2007
490 #0 - SERIES STATEMENT
Series statement Department for Communities and Local Government Changes to Permitted Development Consultation Paper
Volume/sequential designation 1
520 ## - SUMMARY, ETC.
Summary, etc. Sets out UK government proposals for changes to the planning system in relation to the installation of microgeneration equipment for domestic properties. Explains the changes recommended in order to extend and clarify the scope of permitted development. Suggests that the changes would remove the need for a planning application from many householders. Makes recommendations under the following headings: solar, heat pumps, wind turbines, biomass, combined heat and power and hydro. Specifically considers the noise and vibration implications of proposals.
590 ## - LOCAL NOTE (RLIN)
Local note KA NTK
650 24 - SUBJECT ADDED ENTRY--TOPICAL TERM
Topical term or geographic name entry element SUSTAINABLE DEVELOPMENT
651 #4 - SUBJECT ADDED ENTRY--GEOGRAPHIC NAME
Geographic name United Kingdom
Chronological subdivision
690 ## - LOCAL SUBJECT ADDED ENTRY--TOPICAL TERM (OCLC, RLIN)
Topical term or geographic name as entry element ENVIRONMENTAL AND LAND CONSULTANCY-ENERGY-ENERGY USE-ENERGY CONSERVATION
856 40 - ELECTRONIC LOCATION AND ACCESS
Uniform Resource Identifier <a href="https://www.communities.gov.uk/index.asp?id=1508888">https://www.communities.gov.uk/index.asp?id=1508888</a>
Public note View the item free of charge at www.communities.gov.uk...
942 ## - ADDED ENTRY ELEMENTS (KOHA)
Suppress in OPAC 0
Holdings
Withdrawn status Lost status Source of classification or shelving scheme Damaged status Not for loan Home library Current library Shelving location Date acquired Total Checkouts Full call number Barcode Date last seen Copy number Price effective from Koha item type
    Dewey Decimal Classification     Virtual Virtual Online 17/04/2007   L137574 137574-1001 06/08/2019 1 06/08/2019 Book